Responses for Show #3933 - Wednesday, October 10, 2001

Introduction of Clue Crew member Sofia.

Contestants

[<< previous game]

John Lee, a systems analyst originally from White Rock, British Columbia, Canada

Suzel MacCallum, a homemaker and part-time student from Dothan, Alabama

George Evanko, a public relations executive from Washington, D.C. (whose 1-day cash winnings total $7,000)

[next game >>]

Jeopardy! Round responses

THE ART OF WAR
COLONIAL COLLEGES
DURING DiMAGGIO'S HITTING STREAK
(Alex: Things that occurred, obviously.)
GUN PARTS
I LIKE Q
DO YOU LIKE ME.?
    $100 4
the Delaware

John
    $100 11
Harvard

George
    $100 1
Soviet Union/Russia

George
    $100 16
magazines

John
    $100 17
Ps

Suzel
    $100 26
lobster

George
    $200 5
Little Bighorn

Triple Stumper
    $200 12
Princeton

George
    $200 2
Franklin D. Roosevelt

George
    $200 22
a barrel

John
    $200 18
Suzie Q

George
    $200 27
(Suzel: What is Bangor?)
(John: What is Augusta?)

Portland

SuzelJohn
Triple Stumper
    $500 7
the Charge of the Light Brigade

George
    $300 13
the College of William and Mary

George
    $300 3
Lou Gehrig

John
    $300 23
hammer

John
    $300 19
quetzal

Triple Stumper
    $300 28
(George: What is a caribou?)
(Suzel: What is an elk?)
[The end-of-round signal sounds.]

moose

GeorgeSuzel
Triple Stumper
    $400 6
Omaha Beach

George
    $400 14
Brown

George
    $400 9
Vichy

John
    $400 24
(Alex: Minute to go.)

chamber

Triple Stumper
    $400 20
Quality

John
    $500 8
"The Spirit of '76"

Triple Stumper
    $500 15
Dartmouth

George
    $500 10
(George: What is Chief Justice of the Supreme Court?)

Chief Justice of the United States

George
    $500 25
pin

George
    $500 21
Iraq & Qatar

Triple Stumper

Scores at the first commercial break (after clue 13):

George Suzel John
$2,300 $0 $800

Scores at the end of the Jeopardy! Round:

George Suzel John
$3,700 -$400 $1,600

Double Jeopardy! Round responses

BIBLICAL ZOOLOGY
WHAT'S MY LINE?
MASTERPIECE THEATRE
(Alex: We have a whole category about that because it's celebrating its 30th year.)
SCIENCE
NATURAL BORN MILLERS
ANAGRAMMED DANCERS
    $200 1
lions

Suzel
    $200 18
drop to drink

Suzel
    $200 13
Alistair Cooke

Suzel
    $200 3
chimpanzee

John
    $200 26
Barney Miller

Suzel
    $200 11
(Suzel: Who is Frank Astaire?)

Fred Astaire

SuzelJohn
    $400 2
camel

John
    $400 17
quoth the raven, "Nevermore"

George
    $400 12
Traffic

George
    $400 4
microwaves

George
    $400 27
Steve Miller

George
    $400 20
Mikhail Baryshnikov

Suzel
    $600 8
ox

Suzel
    $600 19
impediments

Triple Stumper
    $1,000 14
(Suzel: What is the North Pole?)

the South Pole

Suzel
    $600 5
methane

John
    $2,000 29
[The end-of-round signal sounds.]

Henry Miller

George
    $600 21
Margot Fonteyn

George
    $800 9
cat

Suzel
    $800 24
(Alex: With a minute to go.)

all the difference

George
    $800 15
Harry Potter

George
    $800 6
momentum

John
    $800 28
Daisy Miller

George
    $800 22
Savion Glover

George
    $1000 10
goats

Triple Stumper
    $1000 25
what's a heaven for

Suzel
    $1000 16
Moll Flanders

John
    $1000 7
Dmitri Mendeleev

Suzel
    $1000 23
Martha Graham

John

Scores at the end of the Double Jeopardy! Round:

George Suzel John
$11,100 $3,000 $5,800

[wagering suggestions for these scores]

Final Jeopardy! Round responses

FOOD & DRINK
(Alex: Much of the champagne you drink comes from Epernay.)
SuzelWho is?
$2,000
JohnWho is Benedictine?
$5,800
GeorgeWho is Benedict?
$501
Dom Perignon (credited with inventing champagne)

Final scores:

George Suzel John
$10,599 $1,000 $0
2-day champion: $17,599 2nd place: a trip to Superclubs, Montego Bay, Jamaica 3rd place: a trip to Cardoza Hotel, Miami, Florida

Game dynamics:

Coryat scores:

George Suzel John
$9,500 $4,000 $5,800
23 R
(including 2 DDs),
1 W
10 R,
4 W
(including 1 DD)
14 R,
1 W

Combined Coryat: $19,300

[game clues] [game scores] [suggest correction]

Game tape date: 2001-08-21
The J! Archive is created by fans, for fans. Scraping, republication, monetization, and malicious use prohibited; this site may use cookies and collect identifying information. See terms. The Jeopardy! game show and all elements thereof, including but not limited to copyright and trademark thereto, are the property of Jeopardy Productions, Inc. and are protected under law. This website is not affiliated with, sponsored by, or operated by Jeopardy Productions, Inc. Join the discussion at JBoard.tv.